000 00636nam a22002177a 4500
003 OSt
005 20160919172216.0
008 160302b xxu||||| |||| 00| 0 eng d
020 _a978-981-424-691-0
040 _cLIC
082 _22008
_aDC 005.133
_bM29j
100 _93299
_aMalik, D.S.
245 _aJava programming from problem analysis to program design/
_cD.S. Malik.
250 _aThird Edition.
260 _aAustralia:
_bCengage Learning Asia Pte,
_c©2008.
300 _a1055 pages;
_c24 cm.
365 _b698.00
_cPhp
500 _aIncludes index.
650 0 _93297
_aJava (Computer program language)
942 _2ddc
_cDC
999 _c1168
_d1168